000 00644nam a2200241Ia 4500
003 OSt
005 20221005070059.0
006 a|||||r|||| 00| 0
007 ta
008 221004b |||||||| |||| 00| 0 hin d
024 _a40054
037 _cTextual
040 _aCRL
_cCRL
_bhin
041 _2hin
_ahin
082 _aO15,1D61,2, 155K0
100 _aLad P.M.
_9226098
245 0 _aBhartrhariche nitishatak
260 _aMumbai
_bPopular book depo India
_c1960
300 _a55p.
_ccm.
650 _aSANSKRIT LANGUAGE
_91031
942 _hO15,1D61,2, 155K0
_cTEXL
_2cc
999 _c975619
_d975619